|
|
|
|
| LEADER |
00978nam a2200265 a 4500 |
| 001 |
3050477 |
| 008 |
100112s1997 nyua b 001 0 eng d |
| 010 |
|
|
|a 96000537
|
| 020 |
|
|
|a 0070572348 (acid-free paper)
|
| 040 |
|
|
|a DLC
|c DLC
|d DLC
|d BD-DhAAL
|
| 082 |
0 |
0 |
|a 301
|2 20
|
| 100 |
1 |
|
|a Schaefer, Richard T.
|
| 245 |
1 |
0 |
|a Sociology--a brief introduction /
|c Richard T. Schaefer, Robert P. Lamm.
|
| 250 |
|
|
|a 2nd ed.
|
| 260 |
|
|
|a New York :
|b McGraw-Hill Companies,
|c c1997.
|
| 300 |
|
|
|a xix, 444 p. :
|b ill. ;
|c 26 cm.
|
| 504 |
|
|
|a Includes bibliographical references (p. 399-430) and indexes.
|
| 541 |
1 |
|
|e 00010649
|
| 650 |
|
0 |
|a Sociology.
|
| 651 |
|
0 |
|a United States
|x Social conditions
|y 1980-
|
| 700 |
1 |
|
|a Lamm, Robert P.
|
| 852 |
4 |
|
|a Ayesha Abed Library
|j General Shelf.
|
| 942 |
0 |
0 |
|0 2
|
| 999 |
|
|
|c 6942
|d 6942
|
| 952 |
|
|
|0 0
|1 0
|2 ddc
|4 0
|6 301_SCH_199700000000000
|7 0
|9 7175
|a BRACUL
|b BRACUL
|c GEN
|d 2010-01-13
|l 48
|m 281
|o 301 SCH
|p 3010010649
|r 2025-05-21
|s 2025-04-08
|t 1
|w 2010-01-13
|y BK
|